| 000 | 01292nam2a2200277 4500 | ||
|---|---|---|---|
| 001 | RU\NLR\BIBL_A\022099070 | ||
| 005 | 20240111131400.0 | ||
| 010 |
_a978-5-389-14885-7 _93000 |
||
| 021 |
_aRU _bАЛ-П-23-00984и _9АЛ-П-23-0209 |
||
| 035 | _a(NLR Aleph) 022099070 | ||
| 090 |
_a12740610 _c12740610 |
||
| 100 | _a20231219d2023 u y0rusy50 ca | ||
| 101 | 1 |
_arus _cjpn |
|
| 102 | _aRU | ||
| 105 | _aa t 000ay | ||
| 200 | 1 | _aПадать и блистать & Великое пророчество | |
| 210 | _d2023 | ||
| 215 |
_a394, [21] с. _cил. |
||
| 327 | 1 | _aСодерж.: кн. 5: Падать и блистать; кн. 6: Великое пророчество | |
| 461 | 0 |
_1001RU\NLR\BIBL_A\021943450 _12001#$aOne-Punch Man$e[манга]$fOne$g[перевод с японского Кристины Огневой]$gхудожник Юскэ Мурата$v03 _1700#0$aOne$cпсевдоним, мангака$3RU\NLR\AUTH\770194794 _913194746 _aOne (псевдоним, мангака) _cСанкт-Петербург _d2023 _fOne _nАзбука _o[манга] _tOne-Punch Man _v03 |
|
| 517 | 1 | _aПадать и блистать | |
| 517 | 1 | _aВеликое пророчество | |
| 942 | _cBOOK | ||
| 980 | _aNB | ||